000 01125nmc a2200373 a 4500
003 AR-BaBNM
005 20251128205543.0
008 048019s1990 ||||||||||||||000 | spa||
020 _a950-582-282-7
040 _cAR-BaBNM
245 1 0 _aJuventud urbana y exclusión social
_blas organizaciones de la juventud poblacional
260 _aBuenos Aires
_bHumanitas-Folico
_c1990
300 0 _a285 p.
_btablas, diagr.
490 0 _aHumanitas-Folico
500 0 _aFOLICO: INSTITUTO DE FORMACION Y CAPACITACION JUVENIL
504 _aBibliografía: p. 279-285
650 4 _aJUVENTUD
650 4 _aEMPLEO DE LOS JOVENES
650 4 _aPOBLACION URBANA
650 4 _aPARTICIPACION DE LOS JOVENES
650 4 _aLIDERAZGO
650 4 _aACTIVIDADES JUVENILES
650 4 _aSOCIOLOGIA URBANA
650 4 _aDELINCUENCIA JUVENIL
650 4 _aMARGINALIDAD SOCIAL
700 1 _aUndiks, Andres
_ecoordinador
700 1 _aSoto Retamal, Víctor
700 1 _aSteigler, Horst
700 1 _aRodríguez, Mauricio
700 1 _aVega, Pedro
700 1 _aDíaz, Cecilia
_ecolaborador
942 _cBK
998 _csilvi
999 _c11856
_d11856